| 000 | 00559nam a22002057a 4500 | ||
|---|---|---|---|
| 003 | OSt | ||
| 005 | 20140310183114.0 | ||
| 008 | 130415t xxu||||| |||| 00| 0 eng d | ||
| 020 | _a9710866931 | ||
| 050 |
_aB 804 _b.N117 2006 |
||
| 082 |
_aFIL 190.9 _bN117 2006 |
||
| 245 |
_aModern and contemporary philosophy / _cNabor-Nery, Maria Imelda P. |
||
| 260 |
_aManila : _bNational Book Store, _c2006. |
||
| 300 |
_ax, 224p. : _bill. ; _c26 cm. |
||
| 521 | _aCollege | ||
| 526 | _c1210L-1700L | ||
| 541 | _j1 | ||
| 562 | _e1 | ||
| 942 |
_2lcc _cBK |
||
| 999 |
_c18875 _d18875 |
||